Normal view MARC view

Entry Nome pessoal

Number of records used in: 5

001 - NÚMERO DE CONTROLE

  • campo de controle: 977

003 - IDENTIFICADOR DO NÚMERO DE CONTROLE

  • campo de controle: DLC

005 - DATA E HORÁRIO DA ÚLTIMA TRANSAÇÃO

  • campo de controle: 20250701083825.0

008 - CAMPO DE DADOS FIXOS

  • campo de controle de tamanho fixo: 890830n| acannaabn |n aaa c

010 ## - NÚMERO DE CONTROLE DA LIBRARY OF CONGRESS

  • Número de controle da LC: n 88267220

035 ## - NÚMERO DE CONTROLE DO SISTEMA

  • Número de Controle do Sistema: (OCoLC)oca02590405

040 ## - FONTE DA CATALOGAÇÃO

  • Instituição da catalogação original: PPiU
  • Idioma da catalogação: eng
  • Instituição que transcreveu o registro: DLC
  • Instituição que modificou o registro: CoU

046 ## - CÓDIGO ESPECIAL DE DATAS

  • Data de nascimento: 19420309

100 1# - CABEÇALHO--NOME PESSOAL

  • Nome pessoal: Bandeira, Pedro
  • Datas associadas ao nome: 1942-

370 ## - LUGAR ASSOCIADO

  • Local de nascimento: Santos, São Paulo, Brazil

670 ## - FONTE POSITIVA DOS DADOS

  • Citação da fonte positiva dos dados: His De Piolho a Garrote, 1985:
  • Dados encontrados na fonte localizada no subcampo: t.p. (Pedro Bandeira) p. 4 of cover (b. Santos, Estado de São Paulo; cientista social, publicitário, ator de teatro e jornalista; autor de literatura juvenil)

670 ## - FONTE POSITIVA DOS DADOS

  • Citação da fonte positiva dos dados: A droga da obediência, 2001:
  • Dados encontrados na fonte localizada no subcampo: (Pedro Bandeira) p. [142] (born in Santos, March 9, 1942)

675 ## - FONTE NEGATIVA DOS DADOS

  • Citação da fonte positiva dos dados: Menezes, R. de Dicc. lit. bras., 1978

Powered by Koha